| 000 | 00861nam a2200253 i 4500 | ||
|---|---|---|---|
| 001 | 133586 | ||
| 003 | ES-MaACL | ||
| 005 | 20230906194448.0 | ||
| 007 | t| | ||
| 008 | 070821s1986 fr ||||1| fre d | ||
| 020 | _a2-7178-1066-8 | ||
| 080 | _a351.852 | ||
| 080 | _a027:35 | ||
| 100 | 1 |
_aWolkowitsch, Gilles. _9117281 |
|
| 245 | 1 | 0 |
_aArchives, bibliothèques, musées _b: status des collections accessibles au public / _cGilles Wolkowitsch ; préface de Jean Chatelain. |
| 260 |
_aParis : _bEconomica ; _aAix-en-Provence : _bPresses Universitaires d'Aix-Marseille, _c1986. |
||
| 300 |
_a272 p. ; _c24 cm. |
||
| 490 | 1 | _aCollectivités territoriales | |
| 504 | _aBibliografía. Indice. | ||
| 700 | 1 |
_aChatelain, Jean. _938183 |
|
| 830 | 0 |
_aCollectivités territoriales _9219759 |
|
| 852 |
_aES-MaACL _jL-10242 _bR.111868 |
||
| 999 |
_c133586 _d133586 |
||